000 00456nam a2200169 i 4500
001 55639
003 ES-MaACL
005 20230906163202.0
007 t|
008 030924s1962 be ||||1| fre d
100 1 _aPresles, Claude des.
_993781
245 1 2 _aL'homme de demain /
_cClaude des Presles.
250 _a4eme ed.
260 _aBruxelles :
_b[C.E.L.F.],
_c1962.
300 _a19 p., 1 lám. ;
_c12 cm.
852 _aES-MaACL
_j2030-F-11
_bR.51880
999 _c55639
_d55639